Home Owner and Debtor Protection (Scotland) Act 2010 (Record no. 110933)

MARC details
000 -LEADER
fixed length control field 01411cad a22002415a 4500
001 - CONTROL NUMBER
control field E150641
008 - FIXED-LENGTH DATA ELEMENTS--GENERAL INFORMATION
fixed length control field 100806s2010 xxk f 000 0 eng d
020 ## - INTERNATIONAL STANDARD BOOK NUMBER
International Standard Book Number 9780755995417
035 ## - SYSTEM CONTROL NUMBER
System control number (Sirsi) u150641
041 0# - LANGUAGE CODE
Language code of text/sound track or separate title eng
110 2# - MAIN ENTRY--CORPORATE NAME
Corporate name or jurisdiction name as entry element Scotland
Subordinate unit Scottish Government
9 (RLIN) 5344
245 00 - TITLE STATEMENT
Title Home Owner and Debtor Protection (Scotland) Act 2010
Remainder of title guidance on pre-action requirements for creditors
Medium [electronic resource]
260 ## - PUBLICATION, DISTRIBUTION, ETC.
Place of publication, distribution, etc. Edinburgh
Name of publisher, distributor, etc. Scottish Government
Date of publication, distribution, etc. 2010
520 ## - SUMMARY, ETC.
Summary, etc. This guidance relates to the Conveyancing and Feudal Reform (Scotland) Act 1970 S24A and the Heritable Securities (Scotland) Act 1894 S5B, and the accompanying Applications by Creditors (Pre-Action Requirements) (Scotland) Order 2010, which set out the preaction requirements which creditors must satisfy before making an application in relation to a residential property either under S24(1B) of 1970 Act or under S5 of the 1894 Act.
590 ## - LOCAL NOTE (RLIN)
Local note KA
650 24 - SUBJECT ADDED ENTRY--TOPICAL TERM
Topical term or geographic name entry element APPLICATIONS BY CREDITORS (PRE-ACTION REQUIREMENTS) (SCOTLAND) ORDER 2010
650 24 - SUBJECT ADDED ENTRY--TOPICAL TERM
Topical term or geographic name entry element HERITABLE SECURITIES (SCOTLAND) ACT 1894
650 24 - SUBJECT ADDED ENTRY--TOPICAL TERM
Topical term or geographic name entry element CONVEYANCING AND FEUDAL REFORM (SCOTLAND) ACT 1970
651 #4 - SUBJECT ADDED ENTRY--GEOGRAPHIC NAME
Geographic name Scotland
Chronological subdivision 1999-
690 ## - LOCAL SUBJECT ADDED ENTRY--TOPICAL TERM (OCLC, RLIN)
Topical term or geographic name as entry element PROPERTY-RESIDENTIAL PROPERTY-DOMESTIC RESIDENTIAL PROPERTY-HOUSING
856 40 - ELECTRONIC LOCATION AND ACCESS
Uniform Resource Identifier <a href="https://www.scotland.gov.uk/Publications/2010/08/03135325/0">https://www.scotland.gov.uk/Publications/2010/08/03135325/0</a>
Public note View the guidance free of charge at www.scotland.gov.uk
942 ## - ADDED ENTRY ELEMENTS (KOHA)
Suppress in OPAC 0
Holdings
Withdrawn status Lost status Source of classification or shelving scheme Damaged status Not for loan Home library Current library Shelving location Date acquired Total Checkouts Full call number Barcode Date last seen Copy number Price effective from Koha item type
    Dewey Decimal Classification     Virtual Virtual Online 06/08/2010   ONLINE PUBLICATION 150641-2001 06/08/2019 1 06/08/2019 Book